Guess the City Skyline - Statistics

General Stats
  • This quiz has been taken 34 times
    31 since last reset
  • The average score is 34 of 60
Answer Stats
Picture Answer % Correct
Cairo
96%
London
96%
kuala Lumpur
92%
New York City
92%
Paris
92%
Sydney
92%
Dubai
88%
Rio de Janeiro
88%
Washington DC
88%
Rome
85%
Shanghai
85%
Tokyo
85%
Budapest
81%
Singapore
81%
Cape Town
77%
Miami
77%
Amsterdam
73%
Athens
73%
Beijing
73%
Berlin
73%
Copenhagen
73%
Istanbul
73%
Jerusalem
73%
Moscow
73%
Stockholm
73%
Barcelona
69%
Chicago
69%
Pyongyang
62%
Bangkok
54%
Brussels
54%
Edinburgh
54%
Lisbon
54%
Mumbai
54%
Reykjavik
54%
Bern
50%
Buenos Aires
50%
Lima
50%
Mexico City
50%
Ottawa
50%
Abu Dhabi
46%
Johannesburg
46%
Saigon / Ho Chi Minh City
46%
Baghdad
42%
New Delhi
42%
Bogota
38%
Lagos
38%
Marrakech
38%
Dublin
35%
Manila
31%
Bucharest
27%
Havana
27%
Wellington
27%
Dar es Salaam
23%
Nairobi
23%
Canberra
19%
Kathmandu
19%
Maputo
12%
Sanaa
12%
Antananarivo
8%
Windhoek
4%
No matching quizzes found
Score Distribution
Percent of People with Each Score
Percentile by Number Answered
Your Score History
You have not taken this quiz since the last reset